Yhdistyneitä valtioita maailmankartalla #3 - Statistics

Yleistilastot
  • Tätä visaa on pelattu 1 127 kertaa
  • Keskiarvotulos 19 / 21
Vastaukset kartalla
Vastauksille on annettu kartalla punavihreä väri sen mukaan, kuinka moni on saanut sen oikein.
 
Vastaustilastot
Valtio % Oikein
Italia
99%
Espanja
98%
Kiina
98%
Ranska
98%
Portugali
97%
Indonesia
95%
Kreikka
95%
Turkki
95%
Thaimaa
94%
Iran
90%
Albania
88%
Papua-Uusi-Guinea
88%
Slovenia
88%
Myanmar
87%
Serbia
87%
Unkari
84%
Malesia
83%
Montenegro
80%
Turkmenistan
76%
Uzbekistan
75%
Tadžikistan
68%
Ehtoja vastaavia visoja ei löytynyt
Tulosjakauma
Jokaisen tuloksen saaneiden osuus
Persentiili vastausten määrän mukaan
Tuloshistoriasi
Et ole pelannut tätä visaa